Dirección del personal para la capacitación de buenos empleados (Registro nro. 17545)
[ vista simple ]
| 000 -Cabecera | |
|---|---|
| Campo de control interno | 00932nam a2200217Ia 4500 |
| 005 - Fecha y hora del registro | |
| control field | 20260413160844.0 |
| 008 - Elementos de Longitud Fija | |
| fixed length control field | 260306s9999||||xx |||||||||||||| ||und|| |
| 041 ## - Idioma | |
| Codigo Idioma | ESP |
| 082 ## - DEWEY y NOTACIÓN INTERNA | |
| Dewey | 658.022 |
| Notación Interna | C235 Nº 6 |
| 100 ## - AUTOR | |
| Autor denominación | Centro Regional de Ayuda Técnica |
| Término de relación | autor |
| 245 #0 - TÍTULO DE MATERIAL BIBLIOGRÁFICO | |
| Título | Dirección del personal para la capacitación de buenos empleados |
| 260 ## - CIUDAD, EDITORIAL, AÑO | |
| Año | 1971 |
| 300 ## - DESCRIPCIÓN | |
| N° Páginas | páginas : 243 - 303 |
| Dimensiones | 27 cm. |
| 650 ## - TEMAS | |
| Temas | Generalidades |
| 654 ## - PROGRAMAS | |
| Programa | Dpto. de Administración de Negocios |
| 856 ## - URL - UBICACIÓN | |
| URI/URL: Enlace exacto del recurso | <a href="https://itmsp.museknowledge.com/UCSP?url=https://www.ebooks7-24.com:443/?il=10376&pg=1">https://itmsp.museknowledge.com/UCSP?url=https://www.ebooks7-24.com:443/?il=10376&pg=1</a> |
| Nota pública: Versión digital | <a href="Véase además: Capacitando al personal. Versión digital">Véase además: Capacitando al personal. Versión digital</a> |
| 856 ## - URL - UBICACIÓN | |
| URI/URL: Enlace exacto del recurso | <a href="https://0u213w8tk-y-https-ebooks7--24-com.itmsp.museknowledge.com/biblioteca.aspx">https://0u213w8tk-y-https-ebooks7--24-com.itmsp.museknowledge.com/biblioteca.aspx</a> |
| Nota pública: Versión digital | <a href="Véase además: Base de datos Ebook7-24">Véase además: Base de datos Ebook7-24</a> |
| 856 ## - URL - UBICACIÓN | |
| URI/URL: Enlace exacto del recurso | <a href="https://0u20fw8tm-y-https-research-ebsco-com.itmsp.museknowledge.com/c/qxo6us/search">https://0u20fw8tm-y-https-research-ebsco-com.itmsp.museknowledge.com/c/qxo6us/search</a> |
| Nota pública: Versión digital | <a href="Véase además: Base de datos EBSCOhost">Véase además: Base de datos EBSCOhost</a> |
| 942 ## - ELEMENTOS DE KOHA | |
| Tipo de documento | Libro |
| Nombre del creador | Justo Noguera |
| Código de catalogador | Justo Noguera |
| Esquema de clasificación | Dewey Decimal Classification |
| Codigo completo | Registro | Colección | Copia número | Disponibilidad | Tipo de préstamo | Biblioteca Actual | Procedencia (Biblioteca) | Ubicacón | Fecha Ingreso | Tipo de Adquisición | Date last seen | Total checkouts | Price effective from | Tipo de Item | Estado del Material | Fuente de Clasificación | Damaged status | Withdrawn status |
|---|---|---|---|---|---|---|---|---|---|---|---|---|---|---|---|---|---|---|
| 658.022 C235 Nº 6 | U0002821 | Universidad Católica San Pablo | 1 | Disponible | Disponible | Víctor Andrés Belaunde | Víctor Andrés Belaunde | Primer piso | 03/06/2026 | Compra | 06/03/2026 | 06/03/2026 | Libro | Bueno | Dewey Decimal Classification |




